Smallest Tallest Building Of US State - Statistics

General Stats
  • This quiz has been taken 19 times
  • The average score is 14 of 15
Answer Stats
Tallest Building(ft) Answer % Correct
323 Idaho
100%
220 Maine
100%
275 New Hampshire
100%
124 Vermont
100%
325 Kansas
95%
351 New Mexico
95%
242 North Dakota
95%
174 South Dakota
95%
293 West Virginia
95%
148 Wyoming
95%
296 Alaska
89%
347 Mississippi
89%
272 Montana
89%
349 South Carolina
89%
340 Delaware
84%
No matching quizzes found
Score Distribution
Percent of People with Each Score
Percentile by Number Answered
Your Score History
You have not taken this quiz